'80s Rock Songs - Statistics

General Stats
  • This quiz has been taken 493 times
  • The average score is 39 of 88
Answer Stats
Song Artist % Correct
Livin' On A Prayer Bon Jovi
97%
Another One Bites The Dust Queen
94%
Every Breath You Take The Police
94%
Jump Van Halen
91%
Sweet Child O' Mine Guns N' Roses
90%
Back In Black AC/DC
88%
Don't Stop Believin' Journey
86%
Eye Of The Tiger Survivor
85%
Crazy Train Ozzy Osbourne
81%
I Love Rock 'N Roll Joan Jett and the Blackhearts
77%
White Wedding Billy Idol
73%
Money For Nothing Dire Straits
73%
In The Air Tonight Phil Collins
71%
We're Not Gonna Take It Twisted Sister
71%
Comfortable Numb Pink Floyd
69%
Hungry Like The Wolf Duran Duran
68%
I Still Haven't Found What I'm Looking For U2
68%
Here I Go Again Whitesnake
68%
Dancing In The Dark Bruce Springsteen
65%
Free Fallin' Tom Petty
64%
Call Me Blondie
61%
Down Under Men At Work
61%
We Built This City Starship
59%
Hit Me With Your Best Shot Pat Benatar
57%
Photograph Def Leppard
56%
Rock The Casbah The Clash
56%
Let's Dance David Bowie
55%
Invisible Touch Genesis
54%
Don't You (Forget About Me) Simple Minds
54%
It's Still Rock And Roll To Me Billy Joel
53%
Shout Tears For Fears
51%
(I Just) Died In Your Arms Cutting Crew
49%
Come On Eileen Dexys Midnight Runners
49%
Keep On Loving You REO Speedwagon
49%
Tom Sawyer Rush
49%
Owner Of A Lonely Heart Yes
48%
Juke Box Hero Foreigner
46%
Smokin' In The Boys Room Motley Crue
46%
Round And Round Ratt
45%
Run To You Bryan Adams
43%
It's The End Of The World As We Know It (And I Feel Fine) R.E.M.
43%
Legs ZZ Top
43%
Need You Tonight INXS
42%
Edge Of Seventeen (Just Like The White Winged Dove) Stevie Nicks
42%
Heaven's On Fire KISS
40%
Mr. Roboto Styx
40%
Don't You Want Me The Human League
38%
No One Like You Scorpions
37%
Centerfold The J. Geils Band
37%
Rainbow In The Dark Dio
36%
You've Got Another Thing Comin' Judas Priest
36%
867-5309/Jenny Tommy Tutone
36%
Angel Aerosmith
34%
Heat Of The Moment Asia
34%
Hurts So Good John Cougar
34%
Take Me Home Tonight Eddie Money
33%
Working For The Weekend Loverboy
33%
Heaven And Hell Black Sabbath
32%
I Ran (So Far Away) Flock Of Seagulls
31%
Beds Are Burning Midnight Oil
30%
Sister Christian Night Ranger
30%
Rockin' In The Free World Neil Young
28%
Once Bitten Twice Shy Great White
26%
Our Lips Are Sealed Go-Go's
25%
St. Elmo's Fire (Man In Motion) John Parr
25%
The Flight of Icarus Iron Maiden
24%
Shock the Monkey Peter Gabriel
23%
Back On The Chain Gang The Pretenders
23%
Mama Weer All Crazee Now Quiet Riot
22%
Talking In Your Sleep The Romantics
22%
She Blinded Me With Science Thomas Dolby
20%
Heart And Soul Huey Lewis And The News
19%
Cult of Personality Living Colour
19%
Close My Eyes Forever Lita Ford ft. Ozzy Osbourne
18%
Touch of Grey Grateful Dead
17%
Fire Woman The Cult
17%
Centerfield John Fogerty
16%
Magic The Cars
16%
Rock And A Hard Place The Rolling Stones
16%
Just Like Paradise David Lee Roth
15%
Missionary Man Eurythmics
15%
Jane Says Jane's Addiction
14%
Hey Nineteen Steely Dan
14%
Love Song Tesla
13%
Bad To The Bone George Thorogood and the Destroyers
12%
Harden My Heart Quarterflash
12%
The Way It Is Bruce Hornsby And The Range
11%
Call To The Heart Giuffria
4%
No matching quizzes found
Score Distribution
Percent of People with Each Score
Percentile by Number Answered
Your Score History
You have not taken this quiz